Know your reel abilities : understanding and developing your aptitudes

Uloženo v:
Podrobná bibliografie
Hlavní autor: Broadley, Charles V.
Další autoři: Broadley, Margaret E.
Médium: Kniha
Jazyk:španělština
Vydáno: New York. Permábooks. c1948.
Témata:
Tagy: Přidat tag
Žádné tagy, Buďte první, kdo vytvoří štítek k tomuto záznamu!

MARC

LEADER 00000nam a22000005a 4500
001 16586
003 CL-ChBUA
005 20120815103614.0
008 070301s1948 xxu 000 0 spa
040 |a CL-ChBUA  |c CL-ChBUA 
082 0 0 |a 371.26 
090 |c 16586  |d 16586 
100 1 |a Broadley, Charles V., 
245 1 0 |a Know your reel abilities :  |b understanding and developing your aptitudes 
260 |b Permábooks.  |a New York.  |c c1948. 
650 4 |a EDUCACION. 
700 1 |a Broadley, Margaret E. 
942 |c LIB 
952 |0 0  |1 0  |4 0  |7 0  |9 22986  |a UNACH  |b UNACH  |c 300  |d 2007-03-05  |i 5.580.  |l 0  |o 371.26 / B 863.  |p 23985  |r 2012-12-27 00:00:00  |u 22986  |w 2012-08-08  |y LIB  |k 371.26 / B 863. 
999 |c 16586  |d 16586